Word Ladder: Cheese Please Quiz Stats

 Plays Quiz Updated Dec 7, 2015

Challenge
Share
Tweet
Embed
Score 0/18 Timer 02:00
1 Play Today
Clue 4-Letter Word % Correct
5280 feetMILE
97.9%
Place to find coal or diamondsMINE
97.8%
• Mammalian liquid fermented to make cheese • • MILK •
95.1%
Undesired plant life in a gardenWEED
92.8%
It's a terrible thing to wasteMIND
89.1%
Wilma Flintstone's husbandFRED
89%
• The outer layer of cheese •• RIND •
86.3%
Street reputation, for shortCRED
78.4%
• Strained liquid remaining after removing cheese solids • • WHEY •
77.7%
Clue 4-Letter Word % Correct
At or during a timeWHEN
77.5%
Third person plural nominative pronounTHEY
77.2%
Tear something into two piecesREND
71.9%
• Coagulated dairy product, an early step in cheesemaking •• CURD •
71.3%
To slowly or indirectly go in a directionWEND
71.1%
Experimental American rock band in the '80sWEEN
70.6%
Glenn who sang with the EaglesFREY
67.4%
Prompted, from side-stageCUED
66.7%
Card higher than a deuceTREY
66.3%

Today's Daily Dose

You're not logged in!

Compare scores with friends on all Sporcle quizzes.
Join for Free
OR
Log In

You Might Also Like...

Show Comments

Extras

Top Quizzes Today


Score Distribution

Your Account Isn't Verified!

In order to create a playlist on Sporcle, you need to verify the email address you used during registration. Go to your Sporcle Settings to finish the process.

Report this User

Report this user for behavior that violates our Community Guidelines.

Details: